000 04761nam a22004817a 4500
005 20090216122441.0
008 090216t xxu||||| |||| 00| 0 eng d
010 _aB-342058-076
020 _a9788189297435
_c275.00
020 _a8189297430
_c275.00
035 _aB-342058-076
037 _bVijay Goel
040 _adpl
_bEnglish
082 _a821.092
100 _aRam Sharan
245 _aSant Tulsidas :
_bsaintly voice that glorified Lord Rama /
_cby Ram Sharan
260 _aDelhi
_bVijay Goel
_c2008
270 _aS-16,Naveen Shahdara
_bDelhi
_e110032
_k22324833
300 _a184p.
_c22cm.(pbk)
490 _aIndia's greatest poet,religious thinker & reformer
500 _aIncludes glossary
942 _2ddc
_cEN
_mRAM
_h821.092
999 _c23826
_d23826